Harry Potter: Numbers in Addresses (Quick Pick) Quiz Stats

 Plays Quiz not verified by Sporcle

Score 0/6 Timer 01:00
0 Plays Today
% Correct
4
75.6%
687
74.4%
12
73.9%
10
60.4%
93
57.5%
2
51.7%

You're not logged in!

Compare scores with friends on all Sporcle quizzes.
OR
Log In

You Might Also Like...

Show Comments

Extras

Top Quizzes Today


Score Distribution

Your Account Isn't Verified!

In order to create a playlist on Sporcle, you need to verify the email address you used during registration. Go to your Sporcle Settings to finish the process.

Report this User

Report this user for behavior that violates our Community Guidelines.

Details: